| 000 | 00559 a2200217 4500 | ||
|---|---|---|---|
| 999 |
_c200435859 _d54071 |
||
| 003 | TR-AnTOB | ||
| 005 | 20200217101248.0 | ||
| 008 | 200217b xxu||||| |||| 00| 0 tur d | ||
| 020 | _a9786050500189 | ||
| 040 |
_aTR-AnTOB _cTR-AnTOB |
||
| 041 | 0 | _atur | |
| 100 | _aMeriç, Nedim | ||
| 245 | _aPaylaştırma Kuralları ve Sıra Cetveline Müracaat Yolları / | ||
| 260 | _c2015 | ||
| 264 | _c2015 | ||
| 336 |
_2rdacontent _atext _btxt |
||
| 337 |
_2rdamedia _aunmediated _bn |
||
| 338 |
_2rdacarrier _avolume _bnc |
||
| 942 |
_2lcc _cBK |
||